| 000 | 00557nam a2200181Ia 4500 | ||
|---|---|---|---|
| 008 | 151202s9999||||xx |||||||||||||| ||und|| | ||
| 082 | _bPNVM-65184 | ||
| 100 | _aवाळिंबे शरदचंद्र. | ||
| 245 | _aरोजा. | ||
| 260 | _b"योगिता प्रकाशन, पुणे." | ||
| 260 | _c2007 | ||
| 300 | _a200 | ||
| 600 | _aवाळिंबे शरदचंद्र. | ||
| 630 | _aरोजा. | ||
| 700 | _aवाळिंबे शरदचंद्र. | ||
| 730 | _aरोजा. | ||
| 942 | _cBOOK | ||
| 999 |
_c1331716 _d1331713 |
||